Catalog

Record Details

Catalog Search



Der Prager Golem : von seiner "Geburt" bis zu seinem "Tod"  Cover Image Book Book

Der Prager Golem : von seiner "Geburt" bis zu seinem "Tod" / Chajim Bloch ; mit einem Geleitwort von Hans Ludwig Held

Record details

  • Physical Description: 231 s. ; 19 cm
  • Edition: 3.-6. Tausend
  • Publisher: Berlin : Benjamin Harz, 1920

Content descriptions

Bibliography, etc. Note:
Obsahuje bibliografické odkazy

Available copies

  • 2 of 2 copies available at Common Catalog SPOK.

Holds

  • 0 current holds with 2 total copies.
Show Only Available Copies
Location Call Number / Copy Notes Barcode Shelving Location Status Due Date
The Jewish community of Prague J 144 4638304613 J - Judaika Available -
The Jewish community of Prague J 144 b 4638304614 J - Judaika Available -

LDR 00627nam a22002051a 4500
00156588
003CZ-PrJAB
00520130718140958.0
007ta
008120228s1920 gw 000 | ger
020 . ‡q(Brož.)
035 . ‡a(CZ PrNK)gk04130426
040 . ‡aABA001 ‡bcze ‡cABA001
1001 . ‡aBloch, Chajim, ‡d1881-1973 ‡7xx0079301 ‡4aut
24514. ‡aDer Prager Golem : ‡bvon seiner "Geburt" bis zu seinem "Tod" / ‡cChajim Bloch ; mit einem Geleitwort von Hans Ludwig Held
250 . ‡a3.-6. Tausend
260 . ‡aBerlin : ‡bBenjamin Harz, ‡c1920
300 . ‡a231 s. ; ‡c19 cm
504 . ‡aObsahuje bibliografické odkazy
910 . ‡aABE461
995 . ‡aska
901 . ‡a56588 ‡bAUTOGEN ‡c56588 ‡tbiblio

Additional Resources